000 00320nam a22001337a 4500
008 171101b xxu||||| |||| 00| 0 eng d
020 _a0131541536
041 _aeng
080 _a339
100 _a59
101 _aTRE
245 _aCOMPETITION AND EVOLUTION IN THE DISTRIBUTIVE TRADES
_cBUCKLIN,L.P
942 _2udc
_cBK
999 _c37033
_d37033